Introduction to engineering mechanics (Record no. 17563)

000 -LEADER
fixed length control field 00597nam a22002051 4500
001 - CONTROL NUMBER
control field 17563
003 - CONTROL NUMBER IDENTIFIER
control field BD-DhUET
008 - FIXED-LENGTH DATA ELEMENTS--GENERAL INFORMATION
fixed length control field 100604s1961 maua b 000 0 eng
040 ## - CATALOGING SOURCE
Original cataloging agency DLC
Transcribing agency DLC
Modifying agency BD-DhUET
082 ## - DEWEY DECIMAL CLASSIFICATION NUMBER
Classification number 620.1
Item number HUD/1961
100 ## - MAIN ENTRY--PERSONAL NAME
Personal name Huddleston, John V.
245 10 - TITLE STATEMENT
Title Introduction to engineering mechanics
250 ## - EDITION STATEMENT
Edition statement 1st ed.
260 ## - PUBLICATION, DISTRIBUTION, ETC. (IMPRINT)
Place of publication, distribution, etc. Massachusetts
Name of publisher, distributor, etc. Addison-Wesley Publishing
Date of publication, distribution, etc. 1961
300 ## - PHYSICAL DESCRIPTION
Extent xii, 493 p.
Other physical details ill.
Dimensions 24 cm.
490 0# - SERIES STATEMENT
Series statement Addison-Wesley series in the engineering sciences
504 ## - BIBLIOGRAPHY, ETC. NOTE
Bibliography, etc Includes bibliographies
650 #0 - SUBJECT ADDED ENTRY--TOPICAL TERM
Topical term or geographic name as entry element Engineering mechanics
942 ## - ADDED ENTRY ELEMENTS (KOHA)
Koha item type General Book
Holdings
Lost status Sublocation or collection (holding branch) Location (home branch) Piece designation (barcode) Shelving location Price effective from Koha date last seen Source of classification or shelving scheme Koha normalized classification for sorting Koha full call number Damaged status Date acquired Copy number Not for loan Koha item type Withdrawn status
 Central Library, BUETCentral Library, BUET10262Circulation section2015-03-242015-03-24 620_100000000000000_HUD_1961620.1/HUD/1961 2015-03-241 General Book 
 Central Library, BUETCentral Library, BUET38774Circulation section2015-03-242015-03-24 620_100000000000000_HUD_1961620.1/HUD/1961 2015-03-242 General Book 
 Central Library, BUETCentral Library, BUET10263Circulation section2015-03-242015-03-24 620_100000000000000_HUD_1961620.1/HUD/1961 2015-03-243 General Book 
 Central Library, BUETCentral Library, BUET28806Circulation section2015-03-242015-03-24 620_100000000000000_HUD_1961620.1/HUD/1961 2015-03-244 General Book 
 Central Library, BUETCentral Library, BUET9235Circulation section2015-03-242015-03-24 620_100000000000000_HUD_1961620.1/HUD/1961 2015-03-245 General Book 
 Central Library, BUETCentral Library, BUET9261Cataloging to Circulation2015-03-242015-03-24 620_100000000000000_HUD_1961620.1/HUD/1961 2015-03-246 General Book 
 Central Library, BUETCentral Library, BUET37760Circulation section2015-03-242015-03-24 620_100000000000000_HUD_1961620.1/HUD/1961 2015-03-248 General Book 
 Central Library, BUETCentral Library, BUET84383Circulation section2015-03-282015-03-28 620_100000000000000_HUD_1961620.1/HUD/1961 2015-03-287 General Book